000 00341nam a2200133Ia 4500
008 140626s9999 xx 000 0 und d
100 _aSchramm, Jennifer
245 _aEffective HR Practices Drive Profit /
_cJennifer Schramm.
260 _cc2012.
300 _a57 : 11, page 88
440 _aHR Magazine
521 _aBSBA
942 _cSE
999 _c121505
_d121505